White wolf [

Follow a pack of wild artic wolves through their remote and unforgiving wilderness

Bibliographic Details
Corporate Author: NATIONAL GEOGRAPHIC
Format: Book
Published: s.l : National Press Publications , 19-
Subjects:

MARC

LEADER 00000cam a2200000 7i4500
001 0000000110
002 000000125
005 20021002.0
020 |a 000000125 
090 0 0 |a 599.74442   |b WHI 
245 0 0 |a White wolf [  |h video recording] 
260 |a s.l :   |b National Press Publications ,   |c 19- 
300 |a 1 Video recording VHS (60:00 min) :   |b col.(PAL) 
500 |a Library has 1 copy 
520 0 |a Follow a pack of wild artic wolves through their remote and unforgiving wilderness 
650 0 0 |a Wolves 
710 2 |a NATIONAL GEOGRAPHIC 
999 |a PV0017   |b VIDEO   |c RUJUKAN   |e PERPUSTAKAAN KOMUNITI PETALING JAYA